[Event "Djenovici TS10 GM"]
[Site "Djenovici"]
[Date "2018.10.24"]
[Round "5"]
[White "Kotronias, Vasilios"]
[Black "Der Manuelian, Haik O"]
[Result "1/2-1/2"]
[WhiteElo "2487"]
[BlackElo "2269"]
[PlyCount "190"]
[EventDate "2018.10.20"]
[EventType "tourn"]
[EventRounds "9"]
[EventCountry "MNE"]
[EventCategory "6"]
[SourceTitle "CBM 187 Extra"]
[Source "ChessBase"]
[SourceDate "2018.11.04"]
[SourceVersion "1"]
[SourceVersionDate "2018.11.04"]
[SourceQuality "1"]

1. e4 e5 2. Nf3 Nc6 3. Bb5 Nf6 4. d3 Bc5 5. c3 0-0 6. Bg5 d6 7. Nbd2 Qe7 8. 0-0 a6 9. Bxc6 bxc6 10. Re1 h6 11. Bh4 Qe6 12. d4 Bb6 13. Nf1 Nh5 14. Ne3 g6 15. h3 Kg7 16. Qd2 f6 17. c4 Bxd4 18. Nxd4 exd4 19. Ng4 g5 20. c5 Qf7 21. Rac1 gxh4 22. Qxh6+ Kg8 23. cxd6 Bxg4 24. hxg4 Ng7 25. Rxc6 cxd6 26. Rxd6 Rad8 27. Rxa6 d3 28. Rd1 Qc4 29. Rxf6 Qc2 30. Rf1 d2 31. Rxf8+ Rxf8 32. Qd6 Qxb2 33. Qd5+ Kh8 34. Rd1 Rc8 35. Rxd2 Rc1+ 36. Kh2 Qb8+ 37. Qd6 Qe8 38. e5 Re1 39. Qh6+ Kg8 40. f4 Rxe5 41. Qxh4 Re7 42. Rd3 Qf7 43. Qg5 Rd7 44. Rb3 Qf8 45. Qe5 Kf7 46. a4 Qa8 47. a5 Re7 48. Qc3 Qe4 49. Rb4 Qe2 50. Qc4+ Qxc4 51. Rxc4 Ra7 52. Rc5 Ne6 53. Rf5+ Kg6 54. g3 Nd4 55. Rc5 Ra6 56. Kh3 Nb3 57. Rg5+ Kf7 58. Rb5 Nxa5 59. g5 Nc6 60. Rf5+ Kg7 61. Rf6 Nb8 62. Rxa6 Nxa6 63. Kg4 Nc5 64. f5 Nd3 65. Kf3 Kf7 66. Kg4 Kg7 67. Kh5 Ne5 68. g6 Kf6 69. g4 Kg7 70. g5 Kh8 71. f6 Kg8 72. g7 Nf3 73. Kg6 Ne5+ 74. Kf5 Nf3 75. Ke4 Nh4 76. Kf4 Ng6+ 77. Kg4 Ne5+ 78. Kf4 Ng6+ 79. Kg4 Ne5+ 80. Kh5 Nf3 81. Kg4 Ne5+ 82. Kf4 Ng6+ 83. Ke4 Nh4 84. Ke5 Kf7 85. Kf4 Kg8 86. Kg4 Ng6 87. Kf5 Nh4+ 88. Ke6 Ng6 89. Kd6 Kf7 90. Kc7 Ne5 91. Kc8 Nf3 92. g6+ Kg8 93. Kd7 Ne5+ 94. Ke6 Nxg6 95. Kf5 Nh4+ 1/2-1/2

[Event "Djenovici TS10 GM"]
[Site "Djenovici"]
[Date "2018.10.23"]
[Round "4"]
[White "Der Manuelian, Haik O"]
[Black "Kojima, Shinya"]
[Result "0-1"]
[WhiteElo "2269"]
[BlackElo "2408"]
[PlyCount "138"]
[EventDate "2018.10.20"]
[EventType "tourn"]
[EventRounds "9"]
[EventCountry "MNE"]
[EventCategory "6"]
[SourceTitle "CBM 187 Extra"]
[Source "ChessBase"]
[SourceDate "2018.11.04"]
[SourceVersion "1"]
[SourceVersionDate "2018.11.04"]
[SourceQuality "1"]

1. e4 c6 2. d4 d5 3. Nc3 dxe4 4. Nxe4 Bf5 5. Ng3 Bg6 6. h4 h6 7. Nf3 Nd7 8. h5 Bh7 9. Bd3 Bxd3 10. Qxd3 e6 11. Bd2 Ngf6 12. 0-0-0 Bd6 13. Ne4 Nxe4 14. Qxe4 Nf6 15. Qe2 Bc7 16. c4 b5 17. Bc3 bxc4 18. Ne5 0-0 19. Kb1 Nd5 20. Qxc4 Bxe5 21. dxe5 Qg5 22. Qe4 Nxc3+ 23. bxc3 Rfd8 24. Kc2 Rd5 25. f4 Qe7 26. Qb4 Qc7 27. Rxd5 cxd5 28. Rb1 Rc8 29. Rb3 Qc6 30. Qb5 Qc7 31. Kd2 Rd8 32. g3 Rc8 33. Ke2 a5 34. Kf3 Qa7 35. Kg4 Qf2 36. Qa6 Rf8 37. Qxa5 Qe2+ 38. Kh4 g5+ 39. hxg6 fxg6 40. Kh3 Qf1+ 41. Kh2 Qf2+ 42. Kh3 Qg1 43. Rb2 g5 44. fxg5 hxg5 45. Qa4 Qh1+ 46. Rh2 Qf1+ 47. Rg2 Qf5+ 48. Kh2 Kg7 49. Rb2 Qxe5 50. Qd4 Qxd4 51. cxd4 Rf3 52. Kh3 Rd3 53. Rb4 Kg6 54. Kg4 Ra3 55. Rb6 Kf6 56. Rb2 Ra4 57. Rd2 e5 58. Kh5 exd4 59. Kg4 Ke5 60. Re2+ Kd6 61. Kxg5 d3 62. Rd2 Rd4 63. Kf5 Kc5 64. g4 Kc4 65. g5 Kc3 66. g6 Kxd2 67. g7 Kc2 68. g8Q d2 69. Qg2 Kb1 0-1

[Event "Djenovici TS10 GM"]
[Site "Djenovici"]
[Date "2018.10.21"]
[Round "2"]
[White "Der Manuelian, Haik O"]
[Black "Nikcevic, Nebojsa"]
[Result "1-0"]
[WhiteElo "2269"]
[BlackElo "2424"]
[PlyCount "107"]
[EventDate "2018.10.20"]
[EventType "tourn"]
[EventRounds "9"]
[EventCountry "MNE"]
[EventCategory "6"]
[SourceTitle "CBM 187 Extra"]
[Source "ChessBase"]
[SourceDate "2018.11.04"]
[SourceVersion "1"]
[SourceVersionDate "2018.11.04"]
[SourceQuality "1"]

1. e4 c5 2. Nf3 Nc6 3. d4 cxd4 4. Nxd4 g6 5. c4 Bg7 6. Be3 Nf6 7. Nc3 0-0 8. Be2 d6 9. 0-0 Bd7 10. Nc2 Qc8 11. f3 Rd8 12. Rc1 Be8 13. Qd2 Ne5 14. Nd4 e6 15. b3 a6 16. Rfd1 Qb8 17. Bg5 Rc8 18. f4 Ned7 19. f5 e5 20. Nc2 b5 21. Qxd6 Qb7 22. Be3 Bf8 23. Qd3 bxc4 24. bxc4 Nc5 25. Bxc5 Bxc5+ 26. Kh1 Qe7 27. Ne3 Bc6 28. Ned5 Bxd5 29. Nxd5 Nxd5 30. cxd5 Qd6 31. Rf1 a5 32. Bg4 Rc7 33. Qg3 Raa7 34. Qh4 Be3 35. Rcd1 Kg7 36. Rd3 Rc1 37. fxg6 hxg6 38. Rxc1 Bxc1 39. Rh3 Kf8 40. Qh8+ Ke7 41. Rf3 Rc7 42. g3 Bg5 43. Be6 Qb4 44. Qxe5 Rc1+ 45. Kg2 f6 46. d6+ Qxd6 47. Qxd6+ Kxd6 48. Bf7 Ke7 49. Bxg6 Rc2+ 50. Rf2 Rxf2+ 51. Kxf2 Kd6 52. Kf3 Bc1 53. Kg4 Bb2 54. Kf5 1-0

[Event "Poti op 13th"]
[Site "Poti"]
[Date "2018.07.19"]
[Round "8"]
[White "Der Manuelian, Haik O"]
[Black "Sattarov, Bobir"]
[Result "1/2-1/2"]
[WhiteElo "2242"]
[BlackElo "2328"]
[PlyCount "123"]
[EventDate "2018.07.13"]
[EventType "swiss"]
[EventRounds "9"]
[EventCountry "GEO"]
[SourceTitle "CBM 185 Extra"]
[Source "ChessBase"]
[SourceDate "2018.07.29"]
[SourceVersion "1"]
[SourceVersionDate "2018.07.29"]
[SourceQuality "1"]

1. e4 e5 2. Nf3 Nc6 3. Bb5 a6 4. Ba4 Nf6 5. 0-0 Be7 6. Re1 b5 7. Bb3 d6 8. c3 0-0 9. h3 Bb7 10. d4 Re8 11. Nbd2 Bf8 12. a4 h6 13. Bc2 exd4 14. cxd4 Nb4 15. Bb1 c5 16. d5 Nd7 17. Ra3 c4 18. Nd4 Ne5 19. axb5 axb5 20. Rxa8 Qxa8 21. Nxb5 Qa5 22. Nc3 Ra8 23. Re3 Ba6 24. Rg3 g6 25. h4 Nbd3 26. Nf1 Qb6 27. Ne3 h5 28. Qc2 Bg7 29. Ncd1 Kf8 30. Bd2 Bf6 31. Bc3 Bxh4 32. Rh3 Bg5 33. g3 Re8 34. Qe2 Bc8 35. Rh1 Nc1 36. Qf1 Ba6 37. Kg2 Ned3 38. f4 Bd8 39. Qf3 Nb3 40. Bxd3 cxd3 41. f5 Nd4 42. Bxd4 Qxd4 43. fxg6 Qxe4 44. Rxh5 Qxf3+ 45. Kxf3 fxg6 46. Rh8+ Kf7 47. Rxe8 Kxe8 48. b3 Ba5 49. Nb2 Bb4 50. Nbc4 Ke7 51. Ke4 d2 52. Kd3 Kf6 53. Kc2 Bxc4 54. Nxc4 Kf5 55. Nxd2 Ke5 56. Kd3 Kxd5 57. Nf3 Ke6 58. g4 Ba3 59. Ke4 Bc5 60. Ng5+ Kf6 61. Nf3 Ke6 62. Ng5+ 1/2-1/2

[Event "Poti op 13th"]
[Site "Poti"]
[Date "2018.07.14"]
[Round "2"]
[White "Tutisani, Noe"]
[Black "Der Manuelian, Haik O"]
[Result "1-0"]
[WhiteElo "2469"]
[BlackElo "2242"]
[PlyCount "132"]
[EventDate "2018.07.13"]
[EventType "swiss"]
[EventRounds "9"]
[EventCountry "GEO"]
[SourceTitle "CBM 185 Extra"]
[Source "ChessBase"]
[SourceDate "2018.07.29"]
[SourceVersion "1"]
[SourceVersionDate "2018.07.29"]
[SourceQuality "1"]

1. d4 d5 2. c4 e6 3. Nc3 Be7 4. cxd5 exd5 5. Bf4 c6 6. e3 Bf5 7. f3 g5 8. Be5 Bf6 9. Bd3 Bxd3 10. Qxd3 Bxe5 11. dxe5 Qe7 12. Qd4 f6 13. exf6 Qxf6 14. Qa4 Nd7 15. Nge2 Nb6 16. Qd4 0-0-0 17. h4 Qxd4 18. exd4 gxh4 19. b3 Ne7 20. Rxh4 h5 21. Ng3 Rdg8 22. Nce2 Rg5 23. Kf2 Ng6 24. Rh2 h4 25. Nf1 Nd7 26. Ne3 Nf6 27. Rh3 Nh5 28. Rah1 Re8 29. Ng4 Rf5 30. Re1 Rh8 31. Ne3 Rff8 32. Reh1 Nhf4 33. Nxf4 Rxf4 34. Nc2 Kd7 35. Rg1 Ne7 36. Ke3 Rff8 37. Kd3 Ng6 38. Rh2 h3 39. Kd2 hxg2 40. Rxh8 Nxh8 41. Ne1 Ke6 42. Rxg2 Kf6 43. Nd3 Ng6 44. Rh2 Rf7 45. Rh6 Rg7 46. b4 Kg5 47. Rh1 Re7 48. a4 Kf5 49. Rh5+ Kf6 50. b5 Rg7 51. bxc6 bxc6 52. Nb4 Ne7 53. Rh6+ Kf5 54. Nxc6 Nxc6 55. Rxc6 Rg2+ 56. Kc3 Rf2 57. Kb4 Rxf3 58. Rc1 Ke6 59. Rh1 a5+ 60. Kxa5 Rf4 61. Rd1 Kd6 62. Kb4 Rf8 63. a5 Rb8+ 64. Kc3 Rc8+ 65. Kd3 Rh8 66. Kc3 Rc8+ 1-0

[Event "Poti op 13th"]
[Site "Poti"]
[Date "2018.07.13"]
[Round "1"]
[White "Der Manuelian, Haik O"]
[Black "Bibilashvili, Lali"]
[Result "1-0"]
[WhiteElo "2242"]
[BlackElo "1816"]
[PlyCount "83"]
[EventDate "2018.07.13"]
[EventType "swiss"]
[EventRounds "9"]
[EventCountry "GEO"]
[SourceTitle "CBM 185 Extra"]
[Source "ChessBase"]
[SourceDate "2018.07.29"]
[SourceVersion "1"]
[SourceVersionDate "2018.07.29"]
[SourceQuality "1"]

1. e4 c5 2. Nf3 Nc6 3. d4 cxd4 4. Nxd4 Nf6 5. Nc3 e5 6. Ndb5 d6 7. Bg5 a6 8. Na3 b5 9. Nd5 Be7 10. Bxf6 Bxf6 11. c3 Bg5 12. Nc2 0-0 13. a4 bxa4 14. Rxa4 a5 15. Bc4 Rb8 16. b3 Kh8 17. h4 Bh6 18. g4 Bf4 19. Nce3 Bxe3 20. Nxe3 Be6 21. Nf5 Bxf5 22. gxf5 Qf6 23. Qd2 h6 24. Qg5 Qd8 25. Qxd8 Rbxd8 26. Bd5 Rc8 27. Rh3 Rc7 28. Bxc6 Rxc6 29. Rxa5 Rb8 30. Ra3 Rcb6 31. b4 Kg8 32. Rd3 Kf8 33. Ra7 Rc8 34. Kd2 Rc4 35. f3 Ke8 36. Rd5 Rc8 37. b5 Rd8 38. c4 Rd7 39. Ra6 Rxa6 40. bxa6 Ke7 41. c5 Ra7 42. Rxd6 1-0

[Event "Philadelphia op 12th"]
[Site "Philadelphia"]
[Date "2018.04.01"]
[Round "9"]
[White "Yanayt, Eugene"]
[Black "Der Manuelian, Haik O"]
[Result "1/2-1/2"]
[WhiteElo "2127"]
[BlackElo "2279"]
[PlyCount "38"]
[EventDate "2018.03.28"]
[EventType "swiss"]
[EventRounds "9"]
[EventCountry "USA"]
[SourceTitle "CBM 183 Extra"]
[Source "ChessBase"]
[SourceDate "2018.04.19"]
[SourceVersion "1"]
[SourceVersionDate "2018.04.19"]
[SourceQuality "1"]

1. d4 d5 2. c4 e6 3. Nf3 Nf6 4. g3 Be7 5. Bg2 0-0 6. 0-0 dxc4 7. Qc2 a6 8. a4 Bd7 9. Rd1 Bc6 10. Nc3 Nbd7 11. e4 b5 12. d5 exd5 13. exd5 Bb7 14. axb5 axb5 15. Rxa8 Bxa8 16. Nd4 b4 17. Nc6 Bxc6 18. dxc6 bxc3 19. Qxc3 Bd6 1/2-1/2

[Event "Reykjavik op"]
[Site "Reykjavik"]
[Date "2018.03.13"]
[Round "8"]
[White "Der Manuelian, Haik O"]
[Black "Kvamme, John Agnar"]
[Result "1-0"]
[WhiteElo "2279"]
[BlackElo "2108"]
[PlyCount "101"]
[EventDate "2018.03.06"]
[EventType "swiss"]
[EventRounds "9"]
[EventCountry "ISL"]
[SourceTitle "CBM 183 Extra"]
[Source "ChessBase"]
[SourceDate "2018.04.19"]
[SourceVersion "1"]
[SourceVersionDate "2018.04.19"]
[SourceQuality "1"]

1. e4 g6 2. d4 Bg7 3. Nc3 a6 4. Nf3 d6 5. Be2 Nf6 6. 0-0 0-0 7. Re1 Nc6 8. Bg5 h6 9. Bf4 Nh5 10. Be3 e5 11. dxe5 dxe5 12. Qxd8 Rxd8 13. Nd5 Bg4 14. Nxc7 Rac8 15. Nd5 Nf4 16. Bxf4 exf4 17. c3 Re8 18. h3 Bxf3 19. Bxf3 Be5 20. Rad1 Rcd8 21. Rd3 Kg7 22. Red1 Bb8 23. Nb6 Rxd3 24. Rxd3 Ne5 25. Rd5 Re7 26. Kf1 Bc7 27. Na4 Nc4 28. b3 Nb6 29. Nxb6 Bxb6 30. c4 Bc7 31. b4 Be5 32. Ke2 f6 33. Kd3 Rc7 34. Bg4 h5 35. Bd7 Kf8 36. c5 Ke7 37. Ba4 g5 38. Bd1 h4 39. Bg4 Ke8 40. a4 Ke7 41. f3 Ke8 42. b5 axb5 43. axb5 b6 44. cxb6 Rb7 45. Kc4 Rxb6 46. Kc5 Rb8 47. b6 Rd8 48. Rxe5+ fxe5 49. b7 Rb8 50. Bc8 Ke7 51. Kd5 1-0

[Event "Reykjavik op"]
[Site "Reykjavik"]
[Date "2018.03.07"]
[Round "3"]
[White "Petersson, Baldur Teodor"]
[Black "Der Manuelian, Haik O"]
[Result "0-1"]
[WhiteElo "2073"]
[BlackElo "2279"]
[PlyCount "104"]
[EventDate "2018.03.06"]
[EventType "swiss"]
[EventRounds "9"]
[EventCountry "ISL"]
[SourceTitle "CBM 183 Extra"]
[Source "ChessBase"]
[SourceDate "2018.04.19"]
[SourceVersion "1"]
[SourceVersionDate "2018.04.19"]
[SourceQuality "1"]

1. Nf3 d5 2. g3 Bg4 3. Bg2 c6 4. 0-0 Nf6 5. d3 h6 6. c4 e6 7. cxd5 Bxf3 8. Bxf3 cxd5 9. Nc3 Nc6 10. d4 Be7 11. b3 0-0 12. Bb2 Qd7 13. e3 Rfd8 14. Bg2 Ne8 15. Qe2 f5 16. Nb1 Nf6 17. Ba3 Nb4 18. Bxb4 Bxb4 19. a3 Bd6 20. Nc3 Rac8 21. Rfc1 Rc6 22. Qb2 g5 23. Ne2 Rxc1+ 24. Rxc1 Qe7 25. b4 a5 26. Rb1 axb4 27. axb4 Rc8 28. Nc3 Rc4 29. Na2 Qc7 30. Rc1 Rxc1+ 31. Nxc1 Bxb4 32. Nd3 Bd6 33. f3 Qc6 34. Bf1 Nd7 35. Kg2 Nb6 36. Nf2 Nc4 37. Qe2 Qb6 38. g4 f4 39. Nd1 Kg7 40. h4 gxh4 41. Qd3 Qb4 42. e4 Qe1 43. exd5 Ne3+ 44. Nxe3 fxe3 45. Qe2 h3+ 46. Kh1 Qxe2 47. Bxe2 exd5 48. f4 Bxf4 49. Bf3 b5 50. Kg1 b4 51. Bxd5 h2+ 52. Kf1 b3 0-1

[Event "Baltimore op 56th"]
[Site "Linthicum"]
[Date "2018.02.10"]
[Round "3"]
[White "Boris, Peter Theodore"]
[Black "Der Manuelian, Haik O"]
[Result "1/2-1/2"]
[WhiteElo "1927"]
[BlackElo "2282"]
[PlyCount "94"]
[EventDate "2018.02.09"]
[EventType "swiss"]
[EventRounds "5"]
[EventCountry "USA"]
[SourceTitle "CBM 183 Extra"]
[Source "ChessBase"]
[SourceDate "2018.04.19"]
[SourceVersion "1"]
[SourceVersionDate "2018.04.19"]
[SourceQuality "1"]

1. e4 e5 2. Nf3 Nc6 3. Nc3 Nf6 4. d4 exd4 5. Nxd4 Bb4 6. Nxc6 bxc6 7. Bd3 d5 8. exd5 0-0 9. 0-0 cxd5 10. h3 c6 11. Qf3 h6 12. Bf4 Bd6 13. Rfe1 Rb8 14. b3 Rb4 15. Bxd6 Qxd6 16. Ne2 Bd7 17. c3 Rbb8 18. Nd4 Rfe8 19. Nf5 Bxf5 20. Bxf5 Re5 21. Re3 Rxe3 22. Qxe3 Re8 23. Qd2 Qe5 24. Bd3 c5 25. Rd1 d4 26. cxd4 cxd4 27. Bc4 Rd8 28. Re1 Qd6 29. Qa5 d3 30. Qd2 Qd4 31. Re7 Ne4 32. Qf4 Nf6 33. Qd2 Ne4 34. Qf4 d2 35. Qxf7+ Kh7 36. Be2 d1Q+ 37. Bxd1 Qxd1+ 38. Kh2 Qd6+ 39. f4 Qf6 40. Qxf6 Nxf6 41. Rxa7 Rd4 42. Ra4 Rxa4 43. bxa4 Ne4 44. a5 Nc5 45. f5 Kg8 46. Kg3 Kf7 47. Kf4 Kf6 1/2-1/2

[Event "Zuerich op-A 41st"]
[Site "Zuerich"]
[Date "2017.12.29"]
[Round "5"]
[White "Der Manuelian, Haik O"]
[Black "Borgo, Giulio"]
[Result "0-1"]
[WhiteElo "2216"]
[BlackElo "2391"]
[PlyCount "62"]
[EventDate "2017.12.26"]
[EventType "swiss"]
[EventRounds "7"]
[EventCountry "SUI"]
[SourceTitle "EXT 2019"]
[Source "ChessBase"]
[SourceDate "2018.10.10"]
[SourceVersion "1"]
[SourceVersionDate "2018.10.10"]
[SourceQuality "1"]

1. e4 c5 2. Nf3 e6 3. d4 cxd4 4. Nxd4 a6 5. Bd3 Bc5 6. Nb3 Be7 7. Qg4 Bf6 8. Nc3 Nc6 9. f4 d6 10. 0-0 Nge7 11. Be3 0-0 12. Rad1 Qc7 13. e5 dxe5 14. Ne4 Ng6 15. Nxf6+ gxf6 16. f5 exf5 17. Bxf5 Nce7 18. Bxc8 Qxc8 19. Qh5 Qxc2 20. Rxf6 Rad8 21. Rdf1 Nd5 22. R6f2 Qe4 23. Bh6 Ndf4 24. Nc5 Qd4 25. Bxf4 exf4 26. Nb3 Qa4 27. Qf3 b6 28. Nc1 Rfe8 29. Ne2 Rd1 30. Nxf4 Rxf1+ 31. Rxf1 Qd4+ 0-1